Catálogo
 En Linea

Programa de gobierno 1981-1984 / (Registro nro. 45556)

Detalles MARC
000 -CABECERA
campo de control de longitud fija 01117nam a2200145 a 4500
001 - NÚMERO DE CONTROL
campo de control 000046067
005 - FECHA Y HORA DE LA ÚLTIMA TRANSACCIÓN
campo de control 20201002052621.0
008 - DATOS DE LONGITUD FIJA--INFORMACIÓN GENERAL
campo de control de longitud fija 150617s1982 dr 000 0 spa d
040 ## - FUENTE DE LA CATALOGACIÓN
Centro catalogador/agencia de origen DO-SdBNP
Lengua de catalogación spa
Centro/agencia transcriptor BNPHU
245 00 - MENCIÓN DE TÍTULO
Título Programa de gobierno 1981-1984 /
Mención de responsabilidad, etc. introducción Jóse Joaquín Bidó Medina.
260 ## - PUBLICACIÓN, DISTRIBUCIÓN, ETC.
Lugar de publicación, distribución, etc. Santo Domingo :
Nombre del editor, distribuidor, etc. Consejo Universitario,
Fecha de publicación, distribución, etc. 1982.
300 ## - DESCRIPCIÓN FÍSICA
Extensión 21 p. ;
Dimensiones 21 cm.
505 0# - NOTA DE CONTENIDO CON FORMATO
Nota de contenido con formato Lineamiento generales de polítcas curriculares-docencia -- Lineamiento generales de polítcas curriculares- investigación -- Lineamiento generales de polítcas curriculares-Extensión -- Lineamiento generales de polítcas curriculares-gobierno -- Lineamiento generales de polítcas curriculares-administrativas -- Lineamiento generales de polítcas curriculares-bienestar --Lineamiento generales de polítcas curriculares-estructura -- Lineamiento generales de polítcas curriculares- financiamiento -- El programa de gobierno de las presentes autoridades de la UASD para el trienio 1981-84 fue aprobado mediante las resoluciones siguiente no. 91, no. 119
700 12 - PUNTO DE ACCESO ADICIONAL--NOMBRE DE PERSONA
Nombre de persona Bidó Medina, Jóse Joaquín
Término indicativo de función/relación intr.
9 (RLIN) 10374
Existencias
Estado de retiro Estado de pérdida No para préstamo Código de colección Localización permanente Ubicación/localización actual Ubicación en estantería Fecha de adquisición Número de inventario Total de préstamos Signatura topográfica completa Código de barras Fecha visto por última vez Precio válido a partir de Tipo de ítem Koha
    Excluido de préstamo Patrimonio Dominicano Patrimonio Dominicano Patrimonio Dominicano Depósito 17.06.2015 LF1   46067-10 25.06.2020 25.06.2020 Libro y Folleto Colección Patrimonio Dominicano

Con tecnología Koha